Nombres de 1 à 100 - Culture générale - Statistiques

Statistiques générales
  • Ce quiz a été pris 1 542 fois
  • Le résultat moyen est 40 sur 100
Statistiques - réponses
Descriptif Nombre % Correct
Jules Verne écrivit un roman mentionnant un tour du monde en autant de jours. 80
92%
Nombre de bosses présentes sur un dromadaire ou de joueurs nécessaires pour jouer au Solitaire. 1
89%
Nombre de planètes dans notre système solaire. 8
89%
En France, numéro d'urgence pour contacter la police ou la gendarmerie. Nombre de syllabes dans un haïku. 17
88%
Nombre de jours dans un mois d'avril. 30
88%
Nombre de travaux d'Hercule, de syllabes dans un alexandrin ou encore d'étoiles sur le drapeau européen. 12
87%
Nombre d'arrondissements de Paris. 20
84%
Nombre de secondes dans une minute. 60
82%
Le nombre de mains gauches que l'on a lorsque l'on est maladroit. 2
81%
"Le club des ??", regroupant Jim Morrison, Jimi Hendrix, Brian Jones, Janis Joplin, Kurt Cobain et Amy Winehouse, stars toutes décédées à cet âge-là. 27
81%
Nombre de péchés capitaux ou de couleurs de l'arc-en-ciel. 7
81%
Mesure en degrés d'un angle droit. 90
81%
C'est le nombre sur lequel on se met lorsque l'on s'habille très élégamment. 31
80%
Température moyenne du corps humain en °C. 37
78%
La température du point d'ébullition de l'eau sous une pression d'une atmosphère dans l'échelle Celsius. 100
77%
Nombre de "piliers" de base de l'Islam. 5
76%
Nombre au centre de nombreuses superstitions, portant selon certaines croyances chance et selon d'autres malchance. 13
73%
C'est la réponse à "La grande question sur la vie, l'univers et le reste" dans l’œuvre de Douglas Adams Le Guide du voyageur galactique. C'est aussi le nombre de kilomètres à courir lors d'un marathon. 42
72%
Nombre de chromosomes humains. 46
70%
Nombre de cartes dans un paquet standard de cartes à jouer, en ne comptant pas les jokers. 52
70%
Nombre de cases d'une grille de sudoku. 81
70%
Nombre de Reliques de la Mort dans la saga Harry Potter ou de frères dans Les Frères Karamazov. 3
68%
"Septante" en Belgique ou en Suisse par exemple. 70
68%
Nombre de cordes d'une guitare standard. 6
67%
Le nombre de voleurs se trouvant face à Ali Baba. 40
66%
Nombre d'États au sein des États-Unis. 50
66%
Nombre de joueurs dans une équipe de rugby (nous parlons ici du type de rugby le plus répandu parmi cette famille de sports collectifs). 15
65%
En centilitres, le volume de vin que contient la majorité des bouteilles commercialisées. 75
64%
Nom de l'album le plus connu de la chanteuse Adele. C'est aussi le titre d'une chanson des Cranberries ainsi que le nombre présent dans le nom du groupe "?? pilots". 21
61%
Un cinquième du nombre de jours dans une année non bissextile. 73
61%
Nombre d'heures roulées lors d'une célèbre compétition automobile se déroulant à Le Mans. 24
60%
Nombre total de dents pour un humain adulte. 32
60%
Âge auquel Elisabeth II est décédée. 96
60%
Nombre associé au pastis. 51
59%
Numéro de la route américaine historique qui reliait Chicago à Santa Monica de 1926 à 1985. 66
59%
Nombre de Commandements et de plaies d'Egypte dans l'Ancien Testament. 10
58%
"?? v'là les flics !" 22
57%
Limite supérieure du pH dans l'eau à température ordinaire. 14
55%
Nombre de carrés colorés sur un Rubik's cube. 54
53%
Nombre de saisons en astronomie. 4
51%
16 x 4,25 = ?? 68
51%
Nombre de cases sur le plateau du jeu d'échecs. 64
50%
Nombre d'Oscars maximal remporté par un seul film (record codétenu par Ben-Hur, Titanic et Le Seigneur des anneaux : Le Retour du roi). 11
49%
Nombre de trous dans un jeu de golf. 18
46%
Record de température maximale dans le monde arrondi au °C près. 57
46%
Nombre de mondes dans la mythologie nordique ou de Muses dans la mythologie grecque. 9
45%
"??ter", groupe de pop/rap français. C'est aussi le nombre de samouraïs/rōnins impliqués dans la vendetta d'Akō ou encore un nombre récurrent dans la série télévisée Star Trek. 47
41%
Le nombre que les médecins demandaient de dire à leur patient lorsqu'ils les examinaient avec leur stéthoscope il n'y a encore pas si longtemps. 33
33%
Réponse à cette énigme : 16, 06, 68, 88, ??, 98. 87
32%
Le nombre de chandelles que l'on voit suite à un choc. 36
31%
Nombre de tours par minute d'un disque vinyle présentant des faces destinées aux single, contrairement aux 33 tours. 45
31%
Nombre de cartes dans la plupart des jeux de tarot. 78
31%
Nombre de thèses dans l'ouvrage de Martin Luther, mais aussi le numéro de Flash McQueen dans la trilogie Cars. 95
30%
Nombre de dominos dans un jeu de dominos standard. C'est aussi le nombre de lettres dans l'alphabet arabe. 28
29%
Approximativement le nombre de jours dans deux mois lunaires. 59
29%
Le département de Saône-et-Loire porte ce numéro. 71
29%
Nombre de touches sur un piano ou encore le nombre de constellations selon l'Union astronomique internationale. 88
29%
Version Windows étant la première à prendre en charge les périphériques USB. C'est aussi le premier système Microsoft à fournir Internet Explorer par défaut. 98
27%
Nombre d'onces pour faire une livre anglo-saxonne. C'est aussi le nombre de personnalités différentes dans le système de classification de Myers-Briggs (MBTI). 16
26%
Limitation de vitesse en miles par heure pour les autoroutes aux États-Unis (dans la majorité des États). 65
26%
Nombre de cantons en Suisse. 26
25%
Nombre présent dans la franchise NBA de basketball basée à Philadelphie. 76
25%
Année de l'éruption du Vésuve et de la destruction de la ville de Pompéi. 79
21%
Nombre de degrés Fahrenheit équivalant à 25°C. 77
20%
Numéro atomique de l'uranium. 92
19%
Nombre de cases au jeu de l'oie. 63
18%
Ides de Mars, assassinat de Jules César en cette année avant notre ère (av. J.-C). 44
17%
Alençon est le chef-lieu de ce numéro de département français. 61
17%
Nombre d'emplacements dans une roulette américaine (comprenant donc l'emplacement 00). 38
14%
Nombre d'albums achevés que présentent Les Aventures de Tintin. 23
13%
Record de température minimale (sous le seuil de 0°C) dans le monde arrondi au °C près. 89
13%
Nombre de degrés Fahrenheit équivalant à 5°C. 41
12%
Nombre de minutes pour vivre dans le deuxième opus filmographique de la série Die Hard. C'est aussi le numéro de l'adresse de l'immeuble factice de New York dans la Joralemon Street. 58
12%
Le numéro de Pikachu dans Pokémon. 25
11%
Symbole de l'équilibre dans la dualité, aussi appelée yin et yang. 69
11%
Numéro atomique du plomb. 82
11%
Somme du premier, du cinquième, du sixième, du septième, du huitième et du neuvième nombres premiers. 85
11%
Numéro atomique du plutonium. 94
11%
Nombre de communes dans la Région de Bruxelles-Capitale. 19
8%
Nombre de cordes d'une harpe. 49
8%
Nombre d'États membres du Commonwealth en 2023. 56
8%
Durée en années terrestres de la Révolution de la planète Uranus autour du Soleil. 84
8%
"'?? Bonnie and Clyde" est une chanson du rappeur Eminem. Ce nombre (auquel on ajoute 0.5) est aussi présent en statistiques et probabilités lorsque l'on cherche à établir un intervalle de confiance à 95%. 97
8%
Nombre de mm du format de la pellicule utilisée pour le cinéma argentique. 35
7%
Numéro du personnage (Kang Sae-byeok) qu'incarne l'actrice Jung Ho-yeon dans la série télévisée Squid Game. 67
7%
Nombre d'os dans un crâne humain adulte. 29
6%
Le nombre de marches qu'il y a dans l'un des plus célèbres films d'Alfred Hitchcock et qui est tiré d'un roman d'espionnage de John Buchan. 39
6%
Ce nombre d'années pour un anniversaire de mariage correspond aux noces de flanelle. 43
6%
Âge auquel les hommes réalisent leur seconde Bar-Mitsvah dans la religion juive. 83
6%
En cents de dollars américains, le montant que l'on possède si l'on dispose en un exemplaire de chacune des pièces de valeur inférieure à 1 dollar. 91
6%
Nom du dernier roman de Victor Hugo. 93
6%
Le Miracle de la ??ème Rue, film de George Seaton de 1947 ayant obtenu trois Oscars. 34
5%
Numéro de la Rue du Faubourg Saint-Honoré auquel se trouve le palais de l'Élysée. 55
4%
Nombre total de livres dans la Bible catholique. 72
4%
Numéro que portait le meilleur joueur de hockey sur glace Wayne Gretzky. 99
4%
Ce nombre d'années pour un anniversaire de mariage correspond aux noces d'ivoire. 62
3%
Nombre de cartes à jouer dans le jeu Hanafuda, ou encore le nombre de qualités de la Torah. 48
2%
Altitude minimale de la Vallée de la Mort aux États-Unis sous le niveau de la mer. 86
2%
Nombre de jours dans le titre de l'ouvrage inachevé de Georges Perec. 53
1%
Nom que l'on donne à un vaisseau de ligne du XVIIIème siècle, en référence au nombre de canons présents sur le navire. 74
1%
Aucun quiz correspondant
Distribution des résultats
% des personnes avec chaque résultat
Percentile par nombre de réponses
Votre historique - résultats
Vous n’avez pas pris ce quiz